Register of the Vermont Atwood Merino Sheep Club.

Bibliographic Details
Corporate Author: Vermont Atwood Merino Sheep Club
Format: Serial
Language:English
Published: Rutland, Vt. : The Club.
Subjects:

MARC

Tag First Indicator Second Indicator Subfields
LEADER 00000cas a2200000 4500
001 in00000039557
005 20151007081821.0
008 800425c1uuu9999vtuuu 0uuua0eng d
035 |a (OCoLC)06245795 
035 |9 AAF6955AM 
040 |c TXA  |d UtOrBLW 
049 |a TXAS 
090 |a SF373.M5  |b V4 
110 2 |a Vermont Atwood Merino Sheep Club. 
245 1 0 |a Register of the Vermont Atwood Merino Sheep Club. 
264 1 |a Rutland, Vt. :  |b The Club. 
300 |a  volumes :  |b illustrations 
336 |a text  |b txt  |2 rdacontent 
337 |a unmediated  |b n  |2 rdamedia 
338 |a volume  |b nc  |2 rdacarrier 
362 0 |a v. 1- 
515 |a No more published? 
650 0 |a Merino sheep. 
650 0 |a Sheep  |v Pedigrees. 
999 |a MARS 
999 f f |s fdd02a65-dc1d-35e3-b1da-5913a881f64c  |i 91334583-8d26-3de0-a685-a9e22a1335ac  |t 0 
952 f f |p noncirc  |a Texas A&M University  |b College Station  |c Cushing Memorial Library & Archives  |d Cushing: Dykes (Does not check out)  |t 0  |e SF373.M5 V4  |h Library of Congress classification  |i unmediated -- volume  |m A14851933367 
998 f f |a SF373.M5 V4  |s v.1 (1879)-v.2 (1881)  |t 0  |l Cushing: Dykes (Does not check out)